000 00824cab a2200253 4500
001 WB3440-24
008 090401t1998 xxu||||| |||| 00| 0 eng d
035 _a(Sirsi) u89101
041 _aeng
245 _aSave by doing it yourself
260 _c1998
350 _a0
490 _aFinancial Times Money
_v17 October 1998, 3(1)
520 _aThere can be advantages in selling a house privately rather than through an estate agent, including saving on fees and having more control of the sale process, however vendors should weigh up the pros and cons carefully before they begin.
650 _aESTATE AGENCY
650 _aESTATE AGENTS
650 _aPRIVATE SALE
650 _aRESIDENTIAL PROPERTY
_96266
650 _aSALE
650 _aSELLING
690 _aHOUSING
942 _n0
948 _c20/10/1998
999 _c56334
_d56334